Responses for show #8326 - Monday, February 1, 2021

Zach Newkirk game 7.

Contestants

[<< previous game]

Steve Crupi, a retired police department information supervisor from Las Vegas, Nevada

Allie Sibole, a biomedical engineer from Fort Collins, Colorado

Zach Newkirk, an attorney from Alexandria, Virginia (whose 6-day cash winnings total $124,871)

[next game >>]

Jeopardy! Round responses

A CATEGORY OF 2 CITIES
VIDEO GAMES
THE 20th CENTURY
NATIONAL GEOGRAPHIC AMERICA THE BEAUTIFUL
(Ken: A category about a new book National Geographic: America the Beautiful.)
CARPET
"D_M"
(Ken: All the correct responses in that category will begin with the letter D and end with "M".)
    $200 1
(Zach: What's Canada?)

Russia

Zach
Triple Stumper
    $200 6
Madden

Allie
    $200 7
a speakeasy

Allie
    $200 16
the Mayflower

Allie
    $200 23
Solitaire

Steve
    $200 12
dot com

Zach
    $400 2
Kansas City

Steve
    $400 22
Pokémon

Triple Stumper
    $400 8
Eva Perón

Allie
    $400 18
Niagara Falls

Steve
    $400 24
(Ken: Yes, very hurtful.)

Chewbacca

Zach
    $400 13
the diaphragm

Allie
    $400 3
Cape Town

Steve
    $600 28
(Ken: You did not have the confidence of a gamer there, but that's correct.)
[Laughter]

Call of Duty

Zach
    $600 9
Tulsa

Allie
    $600 19
Mount Rushmore

Zach
    $600 25
carpetbaggers

Zach
    $600 14
(Steve: What is dingum?)
[NOTE: Ken did not immediately rule on Steve's response in letting the time elapse.]

dinkum

Steve
Triple Stumper
    $800 4
Pyongyang & Seoul

Zach
    $800 29
Doom

Zach
    $800 10
NATO

Zach
    $800 20
Wyoming

Allie
    $800 26
the red carpet

Zach
    $800 15
decorum

Steve
    $1000 5
(Steve: What is Budapest?)
(Ken: Right.)
(Steve: [*].)

Buda & Pest

Steve
    $1000 30
(Ken: Oh, my kids are gonna be unhappy with you at home.)

Animal Crossing

Triple Stumper
    $1000 11
the Tet Offensive

Allie
    $1000 21
(Ken: Yes, "ventana" is [*].)

window

Zach
    $1000 27
carpet bombing

Steve
    $1000 17
a diadem

Allie

Scores at the first commercial break (after clue 15):

Zach Allie Steve
$1,600 $2,800 $2,000

Scores at the end of the Jeopardy! Round:

Zach Allie Steve
$6,400 $4,800 $3,600

Double Jeopardy! Round responses

THE 1971 EMMY AWARDS
FAMOUS AMERICANS
ARCHAEOLOGY
THAT TITLE HAS A TITLE
MIXED BAG
IT'S FROM THE GREEK FOR...
    $400 1
Sesame Street

Steve
    $400 5
Frederick Douglass

Zach
    $400 20
a volcano

Allie
    $400 3
The Count of Monte Cristo

Allie
    $400 18
garlic

Steve
    $400 13
(Zach: Uh, what is autobiography?)

autograph

ZachSteve
    $800 2
All in the Family

Allie
    $800 6
Hoover

Steve
    $800 21
blood

Allie
    $800 4
Oedipus Rex

Zach
    $800 19
giant tortoises

Zach
    $800 14
monochromatic

Allie
    $1200 28
Johnny Carson

Zach
    $1200 7
the Children's Defense Fund

Zach
    $1200 22
bronze

Zach
    $1200 10
The Emperor

Allie
    $1200 25
Uber

Zach
    $1200 15
(Allie: What is eponymous?)
(Steve: What is homophone?)

homonym

AllieSteve
Triple Stumper
    $1600 29
Oscar Madison

Steve
    $3,500 8
(Zach: Who is... Smith?)
(Ken: No, I'm sorry, from A Beautiful Mind, [*].)

John Nash

Zach
    $1600 23
(Zach: What's a lute?)

the tibia

Zach
Triple Stumper
    $1600 11
(Allie: What is The Ice Queen?)

The Snow Queen

Allie
Triple Stumper
    $1600 26
(Ken: Yeah, it's women's suffrage.)

the 19th Amendment

Allie
    $1600 16
(Allie: What is alma mater?)

a metropolis

Allie
Triple Stumper
    $2000 30
Valerie Harper

Triple Stumper
    $2000 9
Juliette Low

Allie
    $2000 24
the Congo River

Zach
    $5,000 12
(Allie: What is... The Last Samurai?)

Shogun

Allie
    $2000 27
Norway

Triple Stumper
    $2000 17
a Cyclops

Triple Stumper

Scores at the end of the Double Jeopardy! Round:

Zach Allie Steve
$9,700 $3,400 $6,000

[wagering suggestions for these scores]

Final Jeopardy! Round responses

SCIENCE WORDS
AllieWhat is entropy?
$0
SteveWhat is entropy?
$4,000
ZachWhat is synergy?
$2,301
entropy

Final scores:

Zach Allie Steve
$7,399 $3,400 $10,000
2nd place: $2,000 3rd place: $1,000 New champion: $10,000

Game dynamics:

Coryat scores:

Zach Allie Steve
$13,200 $8,400 $6,200
18 R,
4 W
(including 1 DD)
17 R,
4 W
(including 1 DD)
12 R
(including 1 DD),
2 W

Combined Coryat: $27,800

The J! Archive is created by fans, for fans. The Jeopardy! game show and all elements thereof, including but not limited to copyright and trademark thereto, are the property of Jeopardy Productions, Inc. and are protected under law. This website is not affiliated with, sponsored by, or operated by Jeopardy Productions, Inc. Join the discussion at JBoard.tv.